000 02331 a2200229 4500
001 42789
005 20260407155714.0
008 260407a2009 arg spa d
003 AR-UNSa-BCEJYS
040 _aAR-UNSa-BCEJYS
_bspa
_cAR-UNSa-BCEJYS
080 _a336.226.1
_xImpuestos a las ganancias o los beneficios (Impuesto Diferido)
245 1 0 _aGanancias. Ganancia mínima presunta. Bienes personales
_pTransferencia de inmuebles. Contribución especial sobre el capital de las cooperativas
264 1 _aBuenos Aires :
_bErrepar
_c2009
300 _a334 p.
_c27 cm.
505 _aI. IMPUESTO A LAS GANANCIAS: 1. Leyes nacionales - 2. Decretos nacionales - 3. Resoluciones generales (DGI) - 4. Resoluciones generales (AFIP) - 5. Notas externas (AFIP) - II. IMPUESTO SOBRE LA TRANSFERENCIA DE INMUEBLES DE PERSONAS FÍSICAS Y SUCESIONES INDIVISAS: 1. Leyes nacionales - 2. Resoluciones generales (AFIP) - III. SELECCIÓN DE JURISPRUDENCIA BÁSICA: Impuesto a las ganancias: 1. Jurisprudencia judicial. Índice alfabético de partes - 2. Jurisprudencia administrativa. Índice numérico - IV. IMPUESTO A LA GANANCIA MÍNIMA PRESUNTA: 1. Leyes nacionales - 2. Decretos nacionales - 3. Resoluciones generales (AFIP) - 4. Notas externas (AFIP) - V. SELECCIÓN DE JURISPRUDENCIA BÁSICA: Impuesto a la ganancia mínima presunta: 1. Jurisprudencia judicial. Índice alfabético de partes - 2. Jurisprudencia administrativa. Índice numérico - VI. IMPUESTO SOBRE LOS BIENES PERSONALES: 1. Leyes nacionales - 2. Decretos nacionales - 3. Resoluciones generales (AFIP) - 4. Notas externas (AFIP) - VII. SELECCIÓN DE JURISPRUDENCIA BÁSICA: Impuesto sobre los bienes personales: 1. Jurisprudencia judicial. Índice alfabético de partes - 2. Jurisprudencia administrativa. Índice numérico - VIII. CAPITAL DE COOPERATIVAS: 1. Leyes nacionales - 2. Decretos nacionales - 3. Resoluciones generales (AFIP) - IX. SELECCIÓN DE JURISPRUDENCIA BÁSICA: Capital de cooperativas: 1. Jurisprudencia judicial. Índice alfabético de partes - 2. Jurisprudencia administrativa. Índice numérico - X. PROCEDIMIENTO FISCAL: 1. Leyes nacionales.
041 _aspa
942 _cBK
590 _aniveau_biblio:m niveau_hierar:0
100 1 _aErrecaborde, José Daniel
700 1 _aParada, Ricardo Antonio
700 1 _aCañada, Francisco Roberto
999 _c3643
_d3643